header

Child psychology today / (Record no. 252317)

MARC details
000 -LEADER
fixed length control field 00765nam a22002537a 4500
003 - CONTROL NUMBER IDENTIFIER
control field OSt
005 - DATE AND TIME OF LATEST TRANSACTION
control field 20241122112940.0
008 - FIXED-LENGTH DATA ELEMENTS--GENERAL INFORMATION
fixed length control field 241122b xxu||||| |||| 00| 0 eng d
010 ## - LIBRARY OF CONGRESS CONTROL NUMBER
LC control number 81015848
020 ## - INTERNATIONAL STANDARD BOOK NUMBER
International Standard Book Number 0394325680
040 ## - CATALOGING SOURCE
Transcribing agency DLC
050 ## - LIBRARY OF CONGRESS CALL NUMBER
Classification number BF721
Item number .H2175 1982
100 ## - MAIN ENTRY--PERSONAL NAME
Personal name Hall, Elizabeth,
Dates associated with a name 1929-
245 ## - TITLE STATEMENT
Title Child psychology today /
Statement of responsibility, etc Elizabeth Hall ; advisory editors, Michael E. Lamb, Marion Perlmutter.
250 ## - EDITION STATEMENT
Edition statement 1st Edn.
260 ## - PUBLICATION, DISTRIBUTION, ETC. (IMPRINT)
Place of publication, distribution, etc New York :
Name of publisher, distributor, etc Random House,
Date of publication, distribution, etc c1982
300 ## - PHYSICAL DESCRIPTION
Extent xvi, 586 p. :
Other physical details ill. ;
Dimensions 24 cm.
500 ## - GENERAL NOTE
General note Includes indexes.
504 ## - BIBLIOGRAPHY, ETC. NOTE
Bibliography, etc Bibliography: p. 507-548.
650 ## - SUBJECT ADDED ENTRY--TOPICAL TERM
Topical term or geographic name as entry element Child psychology.
700 ## - ADDED ENTRY--PERSONAL NAME
Personal name Lamb, Michael E.,
Dates associated with a name 1953-
Personal name Perlmutter, Marion.
942 ## - ADDED ENTRY ELEMENTS (KOHA)
Koha item type Long Loan Books
Source of classification or shelving scheme Library of Congress Classification
Holdings
Withdrawn status Lost status Damaged status Not for loan Home library Current library Date acquired Total Checkouts Full call number Barcode Date last seen Date checked out Price effective from Koha item type
        Rongo University Library Rongo University Library 11/02/2016 1 BF721.421751982 20169822 23/03/2016 10/03/2016 11/02/2016 Long Loan Books

© 2026 Rongo University
Contact us: librarian | system librarian | Rongo university